[Event "Jerusalem Japhet Memorial op 2nd"]
[Site "Jerusalem"]
[Date "2014.07.23"]
[Round "8"]
[White "Poleg, Dan"]
[Black "Iskhakabeev, Alon"]
[Result "1-0"]
[WhiteElo "1999"]
[BlackElo "2008"]
[PlyCount "77"]
[EventDate "2014.07.16"]
[EventType "swiss"]
[EventRounds "9"]
[EventCountry "ISR"]
[SourceTitle "CBM 161 Extra"]
[Source "ChessBase"]
[SourceDate "2014.08.29"]
[SourceVersion "1"]
[SourceVersionDate "2014.08.29"]
[SourceQuality "1"]

1. d4 d5 2. c4 c6 3. Nf3 Nf6 4. e3 e6 5. Bd3 Nbd7 6. Nc3 dxc4 7. Bxc4 b5 8. Bd3 a6 9. 0-0 c5 10. Qe2 Bb7 11. a3 Be7 12. Rd1 Qb6 13. Bc2 0-0 14. e4 cxd4 15. Nxd4 Qc7 16. Bd2 Rfd8 17. Be1 Ne5 18. f3 Nc4 19. Bb3 Bd6 20. g3 h5 21. Kg2 Na5 22. Ba2 Be5 23. Bf2 Nc6 24. Nxc6 Bxc6 25. Rac1 Qb7 26. Bc5 h4 27. Qe3 hxg3 28. hxg3 Nd7 29. Be7 Re8 30. Bd6 Bxd6 31. Rxd6 Rad8 32. Rcd1 Qc7 33. Qf4 Qb6 34. Qd2 Qc7 35. Ne2 Bd5 36. exd5 Qxd6 37. dxe6 Qxd2 38. exf7+ Kh7 39. fxe8Q 1-0

[Event "Jerusalem Japhet Memorial op 2nd"]
[Site "Jerusalem"]
[Date "2014.07.22"]
[Round "7"]
[White "Iskhakabeev, Alon"]
[Black "Shimonovich, Yoav"]
[Result "1/2-1/2"]
[WhiteElo "2008"]
[BlackElo "2102"]
[PlyCount "68"]
[EventDate "2014.07.16"]
[EventType "swiss"]
[EventRounds "9"]
[EventCountry "ISR"]
[SourceTitle "CBM 161 Extra"]
[Source "ChessBase"]
[SourceDate "2014.08.29"]
[SourceVersion "1"]
[SourceVersionDate "2014.08.29"]
[SourceQuality "1"]

1. e4 c5 2. Nf3 d6 3. d4 cxd4 4. Nxd4 Nf6 5. Nc3 a6 6. Be3 e6 7. f3 b5 8. Qd2 Nbd7 9. g4 Nb6 10. h4 b4 11. Nd1 d5 12. e5 Nfd7 13. f4 Nc4 14. Qf2 Nxe3 15. Qxe3 Bc5 16. c3 Qb6 17. Bg2 0-0 18. 0-0 f6 19. Nf2 fxe5 20. fxe5 a5 21. Nd3 Ba6 22. Nxc5 Qxc5 23. Rxf8+ Nxf8 24. cxb4 Qxb4 25. Rc1 Rc8 26. Rxc8 Bxc8 27. Nc6 Qb7 28. Qc5 Bd7 29. Ne7+ Kf7 30. Nxd5 Bc6 31. Qf2+ Ke8 32. Nf4 Bxg2 33. Qxg2 Qb6+ 34. Qf2 Qc7 1/2-1/2